| 000 | 00998nam a2200229Ia 4500 | ||
|---|---|---|---|
| 999 |
_c38035 _d38035 |
||
| 001 | 4021 | ||
| 003 | GE_BSU | ||
| 005 | 20190521175447.0 | ||
| 008 | 181216s1966||||ge |||||||||||||| ||geo|| | ||
| 040 | _cGE_BSU | ||
| 041 | _ageo | ||
| 080 | _a53(075.8)+539.1 მ-70 | ||
| 100 |
_aმირიანაშვილი,მათე. _91467 |
||
| 245 |
_aზოგადი ფიზიკის კურსი:მოლეკულური ფიზიკა.ნაწილი მეორე _bსახელმძღვ. / _cმათე მირიანაშვილი ; რედ : ა.იშხნელი. |
||
| 250 | _aმეორე გადამ. გამოცემა. | ||
| 264 |
_aთბილისი : _bგანათლება, _c1966. |
||
| 300 |
_a730 გვ . : _c21 სმ. |
||
| 653 | _aზოგადი ფიზიკა | ||
| 653 | _aფიზიკა | ||
| 700 |
_aიშხნელი, ა _eრედაქტორი _91468 |
||
| 942 |
_cBK _2udc |
||